000
00252nam a2200097Ia 4500
008
230915s9999 xx 000 0 und d
050
_a
QA276.12 .H45 2000
100
_a
HEIMAN GARY W.
245
0
_a
BASIC STATISTICS FOR BEHAVIORAL SCIENCES
942
_c
BK
999
_c
186893
_d
186893